01481nam a2200373 i 450000100060000000300080000600500170001400600190003100700150005000800410006502000180010603500220012404000310014604400110017705000240018808000160021208200190022810000470024724502290029426400690052330000250059233600310061733700330064833800430068149000410072450400390076558800830080465000280088765000280091565000320094365500270097583000420100285600630104462509FINmELB20241217142249.0m o d | cr cnu||||||||240812s2021 sp ob 000 0 spa d z9788429025460 a(OCoLC)1453054743 aFINmELBbspaerdacFINmELB aspamx 4aKHH2973b.A446 2021 a342.71(862)04a348.6102832231 aAlfonso Velásquez, Olga Lucía,eautor.13aLa nacionalidad colombiana :bespecial referencia al régimen de migrantes venezolanos y a la naturalización de españoles /cOlga Lucía Alfonso Velásquez, doctora en Derecho por la Universidad Complutense de Madrid. 1aMadrid :bReus Editorial ;aMéxico :bEditorial Ubijus,c2021. a1 recurso en línea atextobtxt2rdacontent/spa acomputadorabc2rdamedia/spa arecurso en líneabcr2rdacarrier/spa1 aBiblioteca iberoamericana de derecho aBibliografía: páginas 183-185. aDescripción basada en metadatos suministrados por el editor y otras fuentes. 4aNacionalidadzColombia. 4aCiudadaníazColombia. 4aNaturalizaciónzColombia. 4aLibros electrónicos. 0aBiblioteca iberoamericana de derecho.40uhttps://elibro.net/ereader/politecnicointernacional/269336